| 000 | 00756nam a2200217Ii 4500 | ||
|---|---|---|---|
| 003 | JO-AjNU | ||
| 008 | 230605s9999||||xx |||||||||||||| ||und|| | ||
| 017 | _a2000/15062 | ||
| 020 | _a977-01-6944-7 | ||
| 040 |
_aJO-AjNU _bara _erda _cJO-AjNU |
||
| 041 | _aara | ||
| 050 | 1 | 4 | _aPN1995.9.M32 2000 |
| 100 | 3 |
_aإختيار وترجمة وتقديم محرم، مصطفى, _eauthor _936297 |
|
| 245 | 0 | 0 | _aمدخل إلى النقد السينمائي |
| 264 | 3 | 1 | _aالقاهرة: مكتبة الأسرة،2000 ؛ مهرجان القراءة للجميع 2000 |
| 300 | _a158ص | ||
| 336 |
_atext _btxt _2rdacontent |
||
| 337 |
_aunmediated _bn _2rdamedia |
||
| 338 |
_avolume _bnc _2rdacarrier |
||
| 650 | 4 |
_aالسينما - تاريخ ونقد _936298 |
|
| 999 |
_aA15067 _c18635 _d18635 |
||